| 000 | 00476ntaaa2200181 4500 | ||
|---|---|---|---|
| 003 | 01 | ||
| 005 | 20251027201121.0 | ||
| 008 | 0714s1973 ag 01 | ||
| 040 |
_aAR-BaBN _bspa _cAR-BaBN _eaacr _dRIC |
||
| 082 | _a211.6 Sc2 | ||
| 100 |
_aSciacca, Michele Federico _95068 |
||
| 245 |
_aQué es el humanismo? / _cMichele Federico Sciacca |
||
| 250 | _a1 ed. | ||
| 260 |
_aBuenos Aires : _bEditorial Columba, _cc1960 |
||
| 300 | _a63 p. | ||
| 650 |
_aHumanismo _92896 |
||
| 942 | _cBK | ||
| 999 |
_c5373 _d5373 |
||